01336nab a22002537a 4500003000400000005001700004008004100021040000700062100002000069245020000089260007300289300001300362500003500375505029500410505008100705650001800786650001400804650002300818650001800841650002600859650001700885650003000902773015000932OSt20260202111504.0190429b xxu||||| |||| 00| 0 spa d cPJ aGastaldi, Paula13aLa luz también se equivoca. Qué hechos mirar y cómo interpretar el instituto de legítima defensa en caso de mujeres con discapacidad víctimas de violencia de género /cPaula Gastaldi. cCiudad Autónoma de Buenos Aires :aThomson Reuters La Ley, b2023. ap. 43-51 aCita Online: AR/DOC/1519/2023. aSumario: I. Presentación del fallo. Introducción.— II. Los hechos, historia procesal y resolución del tribunal.— III. La ratio decidendi. Los argumentos de la CSJN.— IV. Perspectiva de género y legítima defensa.— V. Perspectiva de la discapacidad.— VI. Bibliografía.  tSi te interesa el texto completo, solicitalo a koha@justierradelfuego.gov.ar 0aDERECHO PENAL 0aHOMICIDIO 0aLEGÍTIMA DEFENSA 0aPROCESO PENAL 0aVIOLENCIA DE GÉNERO 0aABUSO SEXUAL 0aPERSONAS CON DISCAPACIDAD0 02658tRevista de derecho penal y criminología. Nº 7 - Agosto 2023dCiudad Autónoma de Buenos Aires : Thomson Reuters La Ley, 2017-x00347914